[Event "Chigorin Memorial 30th"]
[Site "St Petersburg"]
[Date "2023.10.29"]
[Round "9"]
[White "Borshch, Alexei"]
[Black "Artemyev, Miron"]
[Result "1/2-1/2"]
[WhiteElo "1568"]
[BlackElo "1335"]
[PlyCount "97"]
[EventDate "2023.10.21"]
[EventType "swiss"]
[EventRounds "9"]
[EventCountry "RUS"]
[SourceTitle "Mega2024 Update 01"]
[Source "Chessbase"]
[SourceDate "2023.11.12"]
[SourceVersion "1"]
[SourceVersionDate "2023.11.12"]
[SourceQuality "1"]

1. e4 e6 2. d4 d5 3. Nd2 c5 4. exd5 Qxd5 5. Ngf3 cxd4 6. Bc4 Qd6 7. 0-0 Nf6 8. Nb3 Nc6 9. Nbxd4 Nxd4 10. Nxd4 a6 11. a4 Be7 12. c3 0-0 13. Qf3 Qc7 14. Bd3 Bd6 15. h3 b6 16. Bg5 Bb7 17. Qe2 Nd5 18. Be4 h6 19. Bd2 Rae8 20. Rfe1 Bc5 21. Nb3 Bd6 22. Rad1 f5 23. Bd3 f4 24. Be4 Ne3 25. fxe3 Bxe4 26. exf4 Bd5 27. Nd4 Bxf4 28. Bxf4 Rxf4 29. Qe5 Qf7 30. Rf1 Rf8 31. Rxf4 Qxf4 32. Qxf4 Rxf4 33. Re1 Kf7 34. g3 Re4 35. Rd1 Kf6 36. Kf2 e5 37. Nf3 Ke6 38. Ra1 Bc4 39. b3 Re2+ 40. Kg1 Bd5 41. Ne1 Kf5 42. c4 Bb7 43. b4 Rb2 44. b5 a5 45. Rc1 Re2 46. Kf1 Rh2 47. c5 bxc5 48. Nd3 Rxh3 49. Rxc5 1/2-1/2

[Event "Chigorin Memorial 30th"]
[Site "St Petersburg"]
[Date "2023.10.26"]
[Round "6"]
[White "Borshch, Alexei"]
[Black "Grekhov, Roman"]
[Result "0-1"]
[WhiteElo "1568"]
[BlackElo "1758"]
[PlyCount "164"]
[EventDate "2023.10.21"]
[EventType "swiss"]
[EventRounds "9"]
[EventCountry "RUS"]
[SourceTitle "Mega2024 Update 01"]
[Source "Chessbase"]
[SourceDate "2023.11.12"]
[SourceVersion "1"]
[SourceVersionDate "2023.11.12"]
[SourceQuality "1"]

1. e4 c5 2. Nf3 Nc6 3. Bb5 g6 4. 0-0 Bg7 5. Bxc6 dxc6 6. d3 Nf6 7. Re1 0-0 8. Nbd2 Qc7 9. a4 a5 10. Qe2 b6 11. Nc4 Ba6 12. Bg5 h6 13. Bh4 Nh5 14. e5 Bc8 15. Qe3 Kh7 16. h3 Bh8 17. g4 Ng7 18. Qe4 Be6 19. Bg3 Bd5 20. Qe3 Ne6 21. Ncd2 b5 22. Ne4 c4 23. dxc4 bxc4 24. Nc3 Rab8 25. Rab1 Qb6 26. Qxb6 Rxb6 27. Nxd5 cxd5 28. Red1 Rd8 29. b3 cxb3 30. Rxb3 Rxb3 31. cxb3 Nc5 32. Nd4 e6 33. Rc1 Ne4 34. Bh2 Rb8 35. f3 Ng5 36. h4 Rb4 37. hxg5 Rxd4 38. Rc5 Rd1+ 39. Kg2 Rd2+ 40. Kg1 Rb2 41. Rxa5 Rxb3 42. Kg2 Rb2+ 43. Kg1 d4 44. Rb5 Ra2 45. Bf4 hxg5 46. Bxg5 d3 47. Kf1 Re2 48. f4 Re4 49. Rb2 Rxa4 50. Rd2 f6 51. exf6 Bxf6 52. Bxf6 Rxf4+ 53. Kg2 Rxf6 54. Rxd3 g5 55. Kg3 Kg6 56. Re3 Kf7 57. Re5 Rg6 58. Kf3 Kf6 59. Re1 Rg8 60. Re4 Rh8 61. Rc4 Rh3+ 62. Kg2 Rd3 63. Re4 Rc3 64. Kf2 Rh3 65. Kg2 Rd3 66. Kf2 Ke7 67. Re5 Rd5 68. Re4 Kd6 69. Kf3 Rd3+ 70. Ke2 Rc3 71. Kd2 Rf3 72. Re2 Rf4 73. Rg2 Kd5 74. Rg3 Ra4 75. Ke2 Ke5 76. Rg1 Kf4 77. Kd3 Ra3+ 78. Kd4 e5+ 79. Kd5 e4 80. Re1 Rd3+ 81. Kc4 Rd8 82. Kc3 Kf3 0-1

[Event "Chigorin Memorial 30th"]
[Site "St Petersburg"]
[Date "2023.10.23"]
[Round "3"]
[White "Borshch, Alexei"]
[Black "Dambaev, Dashi"]
[Result "1/2-1/2"]
[WhiteElo "1568"]
[BlackElo "1817"]
[PlyCount "80"]
[EventDate "2023.10.21"]
[EventType "swiss"]
[EventRounds "9"]
[EventCountry "RUS"]
[SourceTitle "Mega2024 Update 01"]
[Source "Chessbase"]
[SourceDate "2023.11.12"]
[SourceVersion "1"]
[SourceVersionDate "2023.11.12"]
[SourceQuality "1"]

1. Nf3 d5 2. d4 Nf6 3. c4 c6 4. e3 Bf5 5. Bd3 Bxd3 6. Qxd3 e6 7. 0-0 Nbd7 8. Nc3 Bb4 9. Bd2 a5 10. a3 Be7 11. e4 dxe4 12. Nxe4 Nxe4 13. Qxe4 a4 14. Bc3 0-0 15. Rfe1 Nf6 16. Qe2 Qb6 17. Rad1 Rad8 18. Ne5 Qa6 19. Qf3 Rc8 20. Bd2 b5 21. Bg5 Rc7 22. Bxf6 Bxf6 23. Ng4 Bd8 24. d5 cxd5 25. cxd5 exd5 26. Qxd5 Bf6 27. Nxf6+ Qxf6 28. Qxb5 Rc2 29. Re2 Rxe2 30. Qxe2 Rb8 31. h3 g6 32. Rd2 h5 33. Rc2 h4 34. Rd2 Kg7 35. Rc2 Kg8 36. Rd2 Kg7 37. Rc2 Kg8 38. Rd2 Kg7 39. Rc2 Kg8 40. Rd2 Kg7 1/2-1/2

[Event "Chigorin Memorial 30th"]
[Site "St Petersburg"]
[Date "2023.10.22"]
[Round "2"]
[White "Tereschenko, Valerij"]
[Black "Borshch, Alexei"]
[Result "1/2-1/2"]
[WhiteElo "1971"]
[BlackElo "1568"]
[PlyCount "80"]
[EventDate "2023.10.21"]
[EventType "swiss"]
[EventRounds "9"]
[EventCountry "RUS"]
[SourceTitle "Mega2024 Update 01"]
[Source "Chessbase"]
[SourceDate "2023.11.12"]
[SourceVersion "1"]
[SourceVersionDate "2023.11.12"]
[SourceQuality "1"]

1. d4 d5 2. Nf3 Nf6 3. e3 e6 4. Bd3 c5 5. b3 cxd4 6. exd4 Be7 7. 0-0 0-0 8. Bb2 Nc6 9. a3 b6 10. Nbd2 Bb7 11. Qe2 Rc8 12. Rfd1 Qc7 13. Rac1 Rfd8 14. Re1 h6 15. b4 Bf8 16. Ne5 Nxe5 17. dxe5 Nd7 18. Bd4 Nb8 19. f4 Nc6 20. Bb2 a5 21. c3 Qd7 22. b5 Bc5+ 23. Kh1 Ne7 24. Nf3 g6 25. Red1 Kg7 26. h4 h5 27. Kh2 Ng8 28. Kh3 Nh6 29. Nh2 Qe7 30. a4 d4 31. c4 Nf5 32. Bxf5 exf5 33. Nf3 Bxf3 34. gxf3 Qe6 35. Rc2 Rd7 36. Qd3 Rdd8 37. Rf2 Rd7 38. Rc2 Rdd8 39. Rf2 Rd7 40. Rc2 Rdd8 1/2-1/2

[Event "Chigorin Memorial 29th"]
[Site "St Petersburg"]
[Date "2022.10.29"]
[Round "8"]
[White "Borshch, Alexei"]
[Black "Zelenskaya, Anastasiya"]
[Result "0-1"]
[WhiteElo "1402"]
[BlackElo "1687"]
[PlyCount "78"]
[EventDate "2022.10.22"]
[EventType "swiss"]
[EventRounds "9"]
[EventCountry "RUS"]
[SourceTitle "EXT 2024"]
[Source "ChessBase"]
[SourceDate "2023.10.10"]
[SourceVersion "1"]
[SourceVersionDate "2023.10.10"]
[SourceQuality "1"]

1. e4 c5 2. Nf3 e6 3. d4 cxd4 4. Nxd4 a6 5. c4 Nf6 6. Nc3 Bb4 7. Qd3 Qc7 8. Be2 Nc6 9. Nxc6 dxc6 10. Bg5 Qe5 11. Bxf6 Qxf6 12. 0-0 0-0 13. Rad1 e5 14. a3 Bc5 15. b4 Bd4 16. c5 a5 17. Qc2 axb4 18. axb4 Ra3 19. Nb1 Ra1 20. Nd2 Rxd1 21. Bxd1 Be6 22. Be2 Ra8 23. Bc4 Ra1 24. Nf3 Ra3 25. Nd2 Qg6 26. Kh1 h6 27. f3 Kh7 28. Rc1 Be3 29. Qb2 Ra8 30. Qc3 Qg5 31. Bxe6 Bxd2 32. Bf5+ g6 33. Qc4 gxf5 34. Qxf7+ Kh8 35. Qxb7 Rg8 36. Rg1 Be3 37. g3 Bxg1 38. Kxg1 fxe4 39. fxe4 Qe3+ 0-1

[Event "Chigorin Memorial 29th"]
[Site "St Petersburg"]
[Date "2022.10.27"]
[Round "6"]
[White "Chervyakova, Tatiana"]
[Black "Borshch, Alexei"]
[Result "1-0"]
[WhiteElo "1673"]
[BlackElo "1402"]
[PlyCount "121"]
[EventDate "2022.10.22"]
[EventType "swiss"]
[EventRounds "9"]
[EventCountry "RUS"]
[SourceTitle "EXT 2024"]
[Source "ChessBase"]
[SourceDate "2023.10.10"]
[SourceVersion "1"]
[SourceVersionDate "2023.10.10"]
[SourceQuality "1"]

1. d4 d5 2. c4 dxc4 3. e3 Nf6 4. Bxc4 e6 5. Nf3 c5 6. 0-0 cxd4 7. exd4 Be7 8. Qe2 0-0 9. Rd1 Nc6 10. a3 a6 11. Nc3 Qc7 12. d5 exd5 13. Nxd5 Nxd5 14. Bxd5 Bf5 15. Bxc6 bxc6 16. Nd4 Bg6 17. Qf3 Rfd8 18. Bf4 Qb7 19. Nxc6 Re8 20. Nxe7+ Qxe7 21. h3 h6 22. b4 Rac8 23. Bd6 Qe6 24. Bc5 Rcd8 25. Qc3 Rxd1+ 26. Rxd1 Qe2 27. Rc1 Qe6 28. a4 Qd7 29. Qb3 Qd2 30. Be3 Qd3 31. Rc3 Qd6 32. b5 axb5 33. axb5 Ra8 34. Rc1 Be4 35. Qd1 Qg6 36. f3 Ra2 37. Bf2 Bf5 38. g4 Bd3 39. b6 Rxf2 40. Kxf2 Qxb6+ 41. Kg3 Bg6 42. Qd2 Qb8+ 43. Kg2 Kh7 44. Rd1 Qb7 45. Qd5 Qe7 46. Rd2 Qf6 47. Qd4 Qe7 48. Qd8 Qe5 49. h4 f5 50. Qd6 Qe3 51. Qd4 Qe7 52. h5 Bf7 53. Qd3 Qg5 54. Qxf5+ Qxf5 55. gxf5 Bxh5 56. Kg3 Kg8 57. Rd7 Kf8 58. Kf4 Bf7 59. Ke5 Ke8 60. Ra7 Kf8 61. f6 1-0

[Event "Chigorin Memorial 29th"]
[Site "St Petersburg"]
[Date "2022.10.24"]
[Round "3"]
[White "Borshch, Alexei"]
[Black "Nuritdinov, Nizomitdin"]
[Result "1-0"]
[WhiteElo "1402"]
[BlackElo "1728"]
[PlyCount "81"]
[EventDate "2022.10.22"]
[EventType "swiss"]
[EventRounds "9"]
[EventCountry "RUS"]
[SourceTitle "EXT 2024"]
[Source "ChessBase"]
[SourceDate "2023.10.10"]
[SourceVersion "1"]
[SourceVersionDate "2023.10.10"]
[SourceQuality "1"]

1. Nf3 d5 2. c4 e6 3. d4 Nf6 4. g3 c6 5. Bg2 Bb4+ 6. Bd2 Qa5 7. 0-0 Ne4 8. a3 Nxd2 9. Nbxd2 Be7 10. Qc2 Nd7 11. Rfe1 f5 12. b4 Qb6 13. c5 Qc7 14. a4 0-0 15. e3 b6 16. Rab1 Bb7 17. Rec1 bxc5 18. bxc5 Rab8 19. Bf1 e5 20. Nxe5 Nxe5 21. dxe5 Qxe5 22. Bd3 g6 23. Nf3 Qc7 24. Qd2 Ba8 25. Nd4 Rxb1 26. Rxb1 Rb8 27. Rxb8+ Qxb8 28. Qc3 Kf7 29. Kg2 Qc7 30. a5 Bb7 31. a6 Bc8 32. Qb4 h5 33. h4 Kf6 34. Qc3 Kf7 35. Qb4 Bf6 36. Be2 Be7 37. Bd3 Kg7 38. Qc3 Kh6 39. Ne6 Bf6 40. Qxf6 Bxe6 41. Qxe6 1-0